Inteligencia artificial con aplicaciones a la ingeniería
Պահպանված է:
| Հիմնական հեղինակ: | |
|---|---|
| Ձևաչափ: | Գիրք |
| Լեզու: | իսպաներեն |
| Հրապարակվել է: |
Cuernavaca
Alfaomega
2010
|
| Հրատարակություն: | 1a. ed |
| Խորագրեր: | |
| Ցուցիչներ: |
Ավելացրեք ցուցիչ
Չկան պիտակներ, Եղեք առաջինը, ով նշում է այս գրառումը!
|
MARC
| LEADER | 00000cam a2200000 a 4500 | ||
|---|---|---|---|
| 001 | UCF9501 | ||
| 003 | CL-VaPUC | ||
| 008 | 131125e20100700mx |||||||||||||||||spa|d | ||
| 020 | |a 9786077854838 | ||
| 082 | 0 | 4 | |a 006.3 |b PON |2 21 |
| 100 | 0 | |a Ponce Cruz, Pedro |e author |9 571858 | |
| 245 | 1 | 0 | |a Inteligencia artificial con aplicaciones a la ingeniería |
| 250 | |a 1a. ed | ||
| 300 | |a 348 p | ||
| 942 | |c BK | ||
| 945 | |d 20131125 03:22:00 |a dcastane | ||
| 260 | |a Cuernavaca |b Alfaomega |c 2010 | ||
| 650 | 7 | |a INTELIGENCIA ARTIFICIAL |2 CL-VaPUC |9 571859 | |
| 650 | 0 | |a Robótica |9 263360 | |
| 650 | 7 | |a SISTEMAS CIBERNETICOS |2 CL-VaPUC |9 354475 | |
| 650 | 0 | |a Toma de decisiones |9 257530 | |
| 583 | |a last modification |c 20190412 08:56:17 |k Rodrigo Vera | ||
| 999 | |c 353944 |d 353942 | ||
| 952 | |0 0 |1 0 |3 erb |4 0 |6 006_300000000000000_PON_2010 |7 0 |8 A |9 459486 |a BIBING |b BIBING |i 5030870 |o 006.3 PON 2010 |p 5030870 |r 2025-01-20 |w 2019-11-23 |y BK |z Catalogado en:20131125 |k CCI | ||
| 952 | |0 0 |1 0 |3 erb |4 0 |6 006_300000000000000_PON_2010 |7 0 |8 A |9 459487 |a BIBING |b BIBING |i 5030889 |o 006.3 PON 2010 |p 5030889 |r 2025-01-20 |w 2019-11-23 |y BK |z Catalogado en:20131125 |k CCI | ||
| 952 | |0 0 |1 0 |3 erb |4 0 |6 006_300000000000000_PON_2010 |7 0 |8 A |9 459488 |a BIBING |b BIBING |i 5030897 |o 006.3 PON 2010 |p 5030897 |r 2025-01-20 |w 2019-11-23 |y BK |z Catalogado en:20131125 |k CCI | ||
| 952 | |0 0 |1 0 |3 erb |4 0 |6 006_300000000000000_PON_2010 |7 0 |8 A |9 459489 |a BIBING |b BIBING |i 5030900 |o 006.3 PON 2010 |p 5030900 |r 2025-01-20 |w 2019-11-23 |y BK |z Catalogado en:20131125 |k CCI | ||
| 952 | |0 0 |1 0 |3 erb |4 0 |6 006_300000000000000_PON_2010 |7 0 |8 A |9 459490 |a BIBING |b BIBING |i 5030919 |o 006.3 PON 2010 |p 5030919 |r 2025-01-20 |w 2019-11-23 |y BK |z Catalogado en:20131125 |k CCI | ||
| 952 | |0 0 |1 0 |3 erb |4 0 |6 006_300000000000000_PON_2010 |7 0 |8 A |9 459491 |a BIBING |b BIBING |i 5241472 |o 006.3 PON 2010 |p 5241472 |r 2025-01-20 |w 2019-11-23 |y BK |z Catalogado en:20151002 |k CCI | ||
| 952 | |0 0 |1 0 |3 erb |4 0 |6 006_300000000000000_PON_2010 |7 0 |8 A |9 459492 |a BIBING |b BIBING |i 5241480 |o 006.3 PON 2010 |p 5241480 |r 2025-01-20 |w 2019-11-23 |y BK |z Catalogado en:20151002 |k CCI | ||
| 952 | |0 0 |1 0 |3 erb |4 0 |6 006_300000000000000_PON_2010 |7 0 |8 A |9 459493 |a BIBING |b BIBING |i 5241499 |o 006.3 PON 2010 |p 5241499 |r 2025-01-20 |w 2019-11-23 |y BK |z Catalogado en:20151002 |k CCI | ||
| 952 | |0 0 |1 0 |3 erb |4 0 |6 006_300000000000000_PON_2010 |7 0 |8 A |9 459494 |a BIBING |b BIBING |i 5241502 |o 006.3 PON 2010 |p 5241502 |r 2025-01-20 |w 2019-11-23 |y BK |z Catalogado en:20151002 |k CCI | ||
| 952 | |0 0 |1 0 |3 erb |4 0 |6 006_300000000000000_PON_2010 |7 0 |8 A |9 459495 |a BIBING |b BIBING |i 5241510 |o 006.3 PON 2010 |p 5241510 |r 2025-01-20 |w 2019-11-23 |y BK |z Catalogado en:20151002 |k CCI | ||
| 952 | |0 0 |1 0 |3 erb |4 0 |6 006_300000000000000_PON_2010 |7 0 |8 A |9 459496 |a BIBING |b BIBING |i 5542693 |o 006.3 PON 2010 |p 5542693 |r 2025-01-20 |w 2019-11-23 |y BK |z Catalogado en:20190412 |k CCI | ||
| 952 | |0 0 |1 0 |3 erb |4 0 |6 006_300000000000000_PON_2010 |7 0 |8 A |9 459497 |a BIBING |b BIBING |i 5542685 |o 006.3 PON 2010 |p 5542685 |r 2025-01-20 |w 2019-11-23 |y BK |z Catalogado en:20190412 |k CCI | ||
| 952 | |0 0 |1 0 |3 erb |4 0 |6 006_300000000000000_PON_2010 |7 0 |8 A |9 459498 |a BIBING |b BIBING |i 5542677 |o 006.3 PON 2010 |p 5542677 |r 2025-01-20 |w 2019-11-23 |y BK |z Catalogado en:20190412 |k CCI | ||
| 952 | |0 0 |1 0 |3 erb |4 0 |6 006_300000000000000_PON_2010 |7 0 |8 A |9 459499 |a BIBING |b BIBING |i 5542669 |o 006.3 PON 2010 |p 5542669 |r 2025-01-20 |w 2019-11-23 |y BK |z Catalogado en:20190412 |k CCI | ||
| 952 | |0 0 |1 0 |3 erb |4 0 |6 006_300000000000000_PON_2010 |7 0 |8 A |9 459500 |a BIBING |b BIBING |i 5542650 |o 006.3 PON 2010 |p 5542650 |r 2025-01-20 |w 2019-11-23 |y BK |z Catalogado en:20190412 |k CCI | ||